000 01431cam a2200337 a 4500
001 12827790
003 OSt
005 20230905122507.0
008 020621s2002 enka b 001 0 eng
010 _a 2002026448
020 _a9789387925564
020 _a0719062683
040 _aDLC
_cDLC
_dDLC
050 0 0 _aPN81
_b.B367 2002
082 0 0 _a801.95
_bBAR/B
100 _aBarry, Peter
_d1947-
_95443
245 1 0 _aBeginning theory :
_ban introduction to literary and cultural theory /
_cPeter Barry.
250 _a4th ed.
260 _aManchester ;
_aNew York :
_bManchester University Press ;
_aNew York :
_bDistributed in India by Viva books
_c2018.
300 _a362 p. :
_bill. ;
_c20 cm.
490 1 _aBeginnings
504 _aIncludes bibliographical references (p. [279]-284) and index.
650 0 _aCriticism.
830 0 _aBeginnings (Manchester, England)
856 4 2 _3Contributor biographical information
_uhttp://www.loc.gov/catdir/bios/hol051/2002026448.html
856 4 1 _3Table of contents
_uhttp://www.loc.gov/catdir/toc/hol031/2002026448.html
856 4 2 _3Publisher description
_uhttp://www.loc.gov/catdir/description/hol031/2002026448.html
906 _a7
_bcbc
_corignew
_d1
_eocip
_f20
_gy-gencatlg
942 _2ddc
_cBK
_h801.95
_iBAR/B
_k801.95
_mBAR/B
999 _c42116
_d42116